00549 a2200157 4500003000500000005001700005020001300022040000900035082001200044100002300056245008800079260002400167300001100191505017600202650001300378Nust20221222084500.0 a72125405 cNust a330,CHA aChalmers, James A. aEconomic Principles: macroeconomic theory / cJames A. Chalmers and Fred H. Leonard aNYbMacMillanc1969 a460 p. aIntroduction (Page-9), The Theory Of Production, Employment, And Prices (Page-43), Macroeconomic Policy (Page-189), Additional Considerations In Macroeconomics (Page-383). aEconomic